Quizzes
Events
Quiz Creation
Community
Videos
Private Events
Remove Ads
Sign In
Join for FREE
Feedback
Dark Mode
Quiz Categories
Sports
Geography
Music
Movies
Television
Just For Fun
Miscellaneous
History
Literature
Language
Science
Gaming
Entertainment
Religion
Holiday
For Kids
Quiz Lab
Recent
Popular Today
Quiz Kudos Today
Editor Picks
Curator Picks
Quizzes by...
Day
Popularity
Type
Ratings
Length
Year
Community
Subscriptions
Recent Discussions
Orange Saloon
Badges
Playlists
Quests
Create
Leaderboards
Showdown
Live 5
Trivia Bingo
Activity
Puzzle Library
Sporcle Events
Private Events
Virtual Trivia
Globe League
Become a Host
Pub Owners
SporcleCon
Opinionation
Our Games
Videos
Blog
Mobile Apps
Partnerships
Remove Ads and Go Orange
Feedback
Geography
Country
Landmarks
City
State
Population
World
Capital
Continent
Flags
Europe
Africa
Asia
South America
North America
Oceania
Border
Canada
United Kingdom
Topography
United States
Geography
Country
Landmarks
City
State
Population
World
Capital
Continent
Flags
Europe
Africa
Asia
South America
North America
Oceania
Border
Canada
United Kingdom
Topography
United States
Random Quiz
Search Sporcle
×
Quiz Lab
Quiz Lab
Geography
City
Type in answers that appear in a list
Type in answers that appear in a list
Classic
Best Score? Go Orange.
Elemental US Cities Stats
Can you name these US cities by using the elements given to spell out their names?
By
JohnnyCalibre
10m
15 Questions
29 Plays
29 Plays
29 Plays
Comments
Comments
Give Quiz Kudos
Give Quiz Kudos
-
- Ratings
hide this ad
Forced Order
Answers have to be entered in order
Answers have to be entered in order
Random Order
Randomize order of answers
Randomize order of answers
Replay
Link that replays current quiz
Next Quiz
Link to next quiz in quiz playlist
You Got
0%
They Got
Avg Score
88%
Avg Friend Score
Upgrade to see
Score Distribution
Jump to the score distribution portion of the page
Score
0/15
Timer
10:00
0
Plays Today
Elements
City
% Correct
Carbon, Hydrogen, Iodine, Carbon, Silver, Oxygen
Chicago, Illinois
93.1%
Aluminium, Barium, Nitrogen, Yttrium
Albany, New York
93.1%
Hydrogen, Oxygen, Nitrogen, Oxygen, Lutetium, Lutetium
Honolulu, Hawaii
93.1%
Boron, Oxygen, Iodine, Selenium
Boise, Idaho
93.1%
Astatine, Lanthanum, Nitrogen, Tantalum
Atlanta, Georgia
89.7%
Floruine, Rhenium, Sulfur, Nitrogen, Oxygen
Fresno, California
89.7%
Boron, Iodine, Samarium, Argon, Carbon, Potassium
Bismarck, North Dakota
89.7%
Boron, Aluminium, Titanium, Molybdenum, Rhenium
Baltimore, Maryland
89.7%
Elements
City
% Correct
Sulfur, Yttrium, Radium, Copper, Selenium
Syracuse, New York
89.7%
Gold, Sulfur, Titanium, Nitrogen
Austin, Texas
86.2%
Tungsten, Iodine, Carbon, Hydrogen, Iodine, Tantalum
Wichita, Kansas
86.2%
Neon, Tungsten, Argon, Potassium
Newark, New Jersey
86.2%
Helium, Neodymium, Erbium, Sulfur, Oxygen, Nitrogen
Henderson, Nevada
82.8%
Phosphorus, Lanthanum, Nitrogen, Oxygen
Plano, Texas
82.8%
Sulfur, Oxygen, Uranium, Thorium (SPACE) Beryllium, Neodymium
South Bend, Indiana
79.3%
Quiz Playlist
Details
Report
Send in Message
Add To Playlist
Classic:
Type in answers that appear in a list
Forced Order:
Answers have to be entered in order
Random Order:
Randomize order of answers
Last Updated: Jul 2, 2017
Quiz Scoreboard
CHALLENGE
Sign Up to Join the Scoreboard
Show All
Scores
Hide
Comments
May contain spoilers
Recently Published
Billboard Blitz: Fleetwood Mac
by CooCooCachoo
Music
15s
Presidents Visiting Landmarks
by Hejman
History
7m
An Introduction to Baseball
by treessimontrees
Sports
5m
More to Explore
Quiz From the Vault
Featured Blog Post
Where Did the Easter Bunny Come From?
hide this ad
You Might Also Like...
Tags
City Quiz
elemental
Today's Top Quizzes in Geography
Browse Geography
hide this ad
Today's Top Quizzes in City
Browse City
Top Contributed Quizzes in Geography
1
Countries of the World - No Outlines Minefield
2
Top 25 Cities of France on a map
3
Any capital of a 'B' country per Continent
4
Closest Countries to UK A-Z
5
Any capital of a 'C' country per Continent
6
One Thing in Common: United Kingdom
7
Any capital of a 'D' country per Continent
8
5-to-1: US Geography No Hints
9
Any capital of an 'E' country per Continent
10
Find the Provinces of Canada - No Outlines Minefield
Explore More
Trending Topics
Disney
Kpop
Marvel
Anime
Harry Potter
NBA
Crossword
Country
Puzzle
Song
The Office
WWE
NFL
Soccer
Pokémon
hide this ad
More By:
JohnnyCalibre
Quiz
Plays
Rating
Category
Featured
Created
Invisible Big 4 Teams
35,127
4.61
Sports
Feb 24, 2017
New Girl Logic Puzzle
7,162
3.00
Television
Mar 1, 2021
Finish That Insult - Brooklyn 99
6,603
4.72
Television
Nov 29, 2021
Finish That Insult: New Girl
5,176
4.86
Television
Feb 4, 2021
Any 3 Letters: FBS/FCS Teams
2,938
5.00
Sports
Mar 30, 2017
Go to Creator's Profile
Score Distribution
Quiz Creator Spotlight
JohnnyCalibre
Follow
Send a Message
Quizzes Created
-
Created Quiz Play Count
-
More By This Creator
Popular Quizzes Today
1
Find the US States - No Outlines Minefield
2
Find the Countries of Europe - No Outlines Minefield
3
The Countries of the World
4
Find the US States
5
US States
6
Popular People in 1961
7
Risky Map Clicking: Biggest States A-Z
8
Movies - When Are They Set?
More Geography Quizzes
Find 7 Cities: Pennsylvania
Quiz Lab
Trending Quizzes
Risky Map Clicking: Least Populous States A-Z
1-10 Letter G Words
1-10 Letter F Words
Risky Map Clicking: Next State Alphabetically
'A' Boys' Names Grid
Recently Updated
Leaping Animals
pecheneg
Reality TV Shows (A-Z)
bhenderson79
Rickey Henderson's Hall of Fame Teammates
pecheneg
Champions League XIs: Arsenal
pecheneg
Quick Pick: Celebrities in WWE's Hall of Fame
aduchscher
A-Z Keypad Blitz II
pecheneg
Multiple Oscar Actors
pecheneg
Mystery Phrase Blitz: Oscar 'Best Actors'
pecheneg
F. Scott Fitzgerald Novels
LTH
Pick 3 Villains
ddd62291
Trending Topics
Crossword
NBA
Marvel
Harry Potter
Disney
Anime
Kpop
Soccer
WWE
Country
Song
The Office
Puzzle
Pokémon
NFL
Your Account Isn't Verified!
In order to create a playlist on Sporcle, you need to verify the email address you used during registration. Go to your
Sporcle Settings
to finish the process.
Report this User
Report this user for behavior that violates our
Community Guidelines
.
Details:
Send Report
Go to the Sporcle.com Mobile Site →
Comments